[Event "CRO-chT2 Center"]
[Site "Zagreb"]
[Date "2010.10.10"]
[Round "7.36"]
[White "Majer, Ivan"]
[Black "Vodopija, Goran"]
[Result "0-1"]
[WhiteElo "1909"]
[BlackElo "2146"]
[PlyCount "70"]
[EventDate "2010.03.21"]
[EventType "team-tourn"]
[EventRounds "11"]
[EventCountry "CRO"]
[SourceTitle "EXT 2012"]
[Source "ChessBase"]
[SourceDate "2011.11.24"]
[SourceVersion "1"]
[SourceVersionDate "2011.11.24"]
[SourceQuality "1"]

1. d4 Nf6 2. c4 g6 3. Nc3 d5 4. Bg5 Ne4 5. Bh4 Nxc3 6. bxc3 Bg7 7. e3 c5 8. Nf3 Nc6 9. cxd5 Qxd5 10. Qb3 Qxb3 11. axb3 cxd4 12. exd4 0-0 13. b4 Bg4 14. b5 Nd8 15. Kd2 Bxf3 16. gxf3 e5 17. d5 f6 18. Bc4 Nf7 19. Ra4 Nd6 20. Bd3 b6 21. Rha1 Rf7 22. Ra6 g5 23. Bg3 Rb7 24. c4 Bf8 25. c5 bxc5 26. b6 Nc8 27. Bb5 Rxb6 28. Bd7 Rxa6 29. Rxa6 Be7 30. Bxc8 Rxc8 31. Rxa7 Kf8 32. d6 Rd8 33. d7 Bd6 34. h4 h6 35. hxg5 hxg5 0-1

[Event "CRO-chT2 Center"]
[Site "Zagreb"]
[Date "2010.03.21"]
[Round "1.26"]
[White "Greb, Nikola"]
[Black "Majer, Ivan"]
[Result "1-0"]
[WhiteElo "2053"]
[BlackElo "1909"]
[PlyCount "57"]
[EventDate "2010.03.21"]
[EventType "team-tourn"]
[EventRounds "11"]
[EventCountry "CRO"]
[SourceTitle "EXT 2012"]
[Source "ChessBase"]
[SourceDate "2011.11.24"]
[SourceVersion "1"]
[SourceVersionDate "2011.11.24"]
[SourceQuality "1"]

1. e4 c5 2. Nc3 e6 3. f4 d5 4. Bb5+ Nc6 5. Nf3 Nge7 6. d3 a6 7. Bxc6+ Nxc6 8. 0-0 b5 9. Qe1 Be7 10. Qg3 b4 11. Nd1 g6 12. Nf2 h5 13. Be3 h4 14. Qh3 Rh5 15. Ng4 e5 16. Nfxe5 Nxe5 17. fxe5 Rxe5 18. Qf3 Bxg4 19. Qxg4 Ra7 20. Bf4 Rh5 21. Rae1 d4 22. e5 Qd5 23. e6 Rf5 24. exf7+ Kxf7 25. Be5 Qd7 26. Rxf5+ gxf5 27. Qg7+ Ke8 28. Qg8+ Bf8 29. Bf6+ 1-0

[Event "CRO-ch U19"]
[Site "Bjelolasica"]
[Date "2009.07.30"]
[Round "7"]
[White "Majer, Ivan"]
[Black "Saric, Ivan"]
[Result "0-1"]
[WhiteElo "1931"]
[BlackElo "2561"]
[PlyCount "92"]
[EventDate "2009.07.26"]
[EventType "swiss"]
[EventRounds "9"]
[EventCountry "CRO"]
[SourceTitle "CBM 131 Extra"]
[Source "ChessBase"]
[SourceDate "2009.09.03"]
[SourceVersion "2"]
[SourceVersionDate "2009.09.16"]
[SourceQuality "1"]

1. d4 Nf6 2. c4 g6 3. Nc3 Bg7 4. e4 d6 5. f3 0-0 6. Be3 Nbd7 7. Nh3 a6 8. Nf2 c6 9. a4 e5 10. d5 cxd5 11. cxd5 Nh5 12. Bd3 Nf4 13. Rg1 Nc5 14. Bc2 Qh4 15. b4 Qxh2 16. Kf1 Nd7 17. Ne2 Nxe2 18. Kxe2 Qh4 19. Rh1 Qe7 20. g4 f6 21. Qd2 Rf7 22. Rh2 Nf8 23. Rg1 Bd7 24. Nh1 Qe8 25. Ra1 f5 26. gxf5 gxf5 27. Bb6 Ng6 28. Ra3 f4 29. Nf2 Bf6 30. a5 Bd8 31. Bxd8 Qxd8 32. Rh1 Rc8 33. Bd3 Rg7 34. Raa1 Nh4 35. Rag1 Ng2 36. Nd1 Nh4 37. Rxg7+ Kxg7 38. Rg1+ Ng6 39. Nf2 Qc7 40. Rb1 h5 41. Rb2 Bb5 42. Rb1 Qc2 43. Rd1 Qxd2+ 44. Kxd2 Nh4 45. Bxb5 axb5 46. Ke2 Rc2+ 0-1

[Event "Velika Gorica op 8th"]
[Site "Velika Gorica"]
[Date "2008.08.25"]
[Round "4"]
[White "Vitaljic, Nebojsa"]
[Black "Majer, Ivan"]
[Result "1-0"]
[WhiteElo "2141"]
[BlackElo "1955"]
[PlyCount "58"]
[EventDate "2008.08.23"]
[EventType "swiss"]
[EventRounds "9"]
[EventCountry "CRO"]
[SourceTitle "CBM 126 Extra"]
[Source "ChessBase"]
[SourceDate "2008.11.05"]
[SourceVersion "1"]
[SourceVersionDate "2008.11.05"]
[SourceQuality "1"]

1. c4 g6 2. g3 Bg7 3. Bg2 e5 4. Nc3 d6 5. d3 Nf6 6. e3 0-0 7. Nge2 c6 8. 0-0 Be6 9. Rb1 Qd7 10. b3 Bh3 11. d4 Re8 12. dxe5 Rxe5 13. Bxh3 Qxh3 14. Nf4 Qd7 15. Ba3 d5 16. cxd5 cxd5 17. Qf3 Na6 18. Rfd1 Nc7 19. Bb2 Rae8 20. Ncxd5 Ncxd5 21. Nxd5 Nxd5 22. Bxe5 Rxe5 23. e4 Qe7 24. Rxd5 Rxe4 25. Rd8+ Bf8 26. Rbd1 f5 27. R1d7 Re1+ 28. Kg2 Qc5 29. Qxb7 Qc1 1-0

[Event "CRO-ch U17"]
[Site "Bjelolasica"]
[Date "2008.07.22"]
[Round "4"]
[White "Vujec, Ivan"]
[Black "Majer, Ivan"]
[Result "1/2-1/2"]
[WhiteElo "1959"]
[BlackElo "1955"]
[PlyCount "45"]
[EventDate "2008.07.20"]
[EventType "swiss"]
[EventRounds "9"]
[EventCountry "CRO"]
[SourceTitle "CBM 125 Extra"]
[Source "ChessBase"]
[SourceDate "2008.09.01"]
[SourceVersion "1"]
[SourceVersionDate "2008.09.01"]
[SourceQuality "1"]

1. d4 Nf6 2. c4 g6 3. Nc3 Bg7 4. e4 d6 5. Nf3 0-0 6. Be2 e5 7. 0-0 Nc6 8. d5 Ne7 9. Nd2 c5 10. dxc6 bxc6 11. b3 Qa5 12. Bb2 Be6 13. Qc2 d5 14. cxd5 cxd5 15. exd5 Nexd5 16. Nc4 Nb4 17. Nxa5 Nxc2 18. Rac1 Nd4 19. Bc4 Bxc4 20. Nxc4 Nh5 21. Rfe1 Nf4 22. Rcd1 f5 23. Na4 1/2-1/2